| 000 | 00697cam a2200229 a 4500 | ||
|---|---|---|---|
| 001 | 000009351 | ||
| 005 | 20200929161550.0 | ||
| 008 | 790130s1992 sp 000 f spa d | ||
| 020 | _a8432230197 | ||
| 040 |
_aDO-SdBNP _bspa _cBNPHU |
||
| 082 |
_aA863.44 _bS113a |
||
| 100 | 1 |
_aSábato, Ernesto, _d1911- _922674 |
|
| 245 | 1 | 0 |
_aAbaddón el exterminador / _cErnesto Sábato. |
| 260 |
_aBarcelona : _bSeix Barral, _c1992. |
||
| 300 |
_a477 p. ; _c20 cm. |
||
| 490 | 1 | _aBiblioteca de bolsillo | |
| 590 | _aInventariado, 2019/MFF | ||
| 650 | 4 |
_aNovela argentina _93941 |
|
| 650 | 4 |
_aLiteratura argentina _93860 |
|
| 830 | 0 |
_aBiblioteca de bolsillo _95816 |
|
| 910 | _aValidado. Control de calidad MFF | ||
| 999 |
_c9111 _d9111 |
||